Statistics for WCSLeague All-Time Winners

Click here to take the quiz!

General Stats

  • This quiz has been taken 3 times
  • The average score is 24 of 45

Answer Stats

Nr. of WinsCountryAnswer% Correct
1 xNEDAbdel Damghi
100%
11 xBELBart de Vos
100%
1 xITAEros Masciulli
100%
1 xMALJason Muscat
100%
25 xNEDJeffry-Eddie Kroes
100%
6 xENGLewis Redshaw
100%
9 xNEDMenno Klont
100%
36 xNEDMika Faber
100%
41 xNEDRoy Verzijl
100%
75 xNEDRuud Heesterbeek
100%
68 xUSASven de Vries
100%
1 xSWETobias Olsson
100%
8 xNEDWopke Hoekstra
100%
8 xESTArgo Teder
67%
4 xSLVJernej Simoncic
67%
3 xBELKenney Lybeer
67%
6 xESTMairo Lille
67%
3 xNEDMark Kroes
67%
1 xHUNNorbert Bagi
67%
1 xFINOskari Kantonen
67%
19 xNEDPeter van Woudenberg
67%
1 xESTRait Kilk
67%
1 xNEDRoy Schroten
67%
7 xENGTom Blann
67%
8 xNEDTom van der Voort
67%
1 xESTAlari Algpeus
33%
4 xNEDDave van Gils
33%
4 xNEDDave van Schaijk
33%
32 xNEDErik Teske
33%
1 xCROIlija Brekalo
33%
1 xNORJarl Teien
33%
1 xENGJon Davies
33%
19 xNEDJos Friemann
33%
1 xNEDKevin Budie
33%
1 xNEDTheo van den Brink
33%
1 xNEDDanny Lubbers
0%
11 xNEDDouwe Tapper
0%
1 xNEDJeroen Brink
0%
7 xNEDLars Brugman
0%
10 xNEDPerry Vink
0%
1 xNEDRaymond Makkus
0%
1 xNEDRene van der Berg
0%
6 xNEDRens Klop
0%
8 xNEDSven Smits
0%
1 xNEDThomas Middel
0%

Score Distribution

Percentile by Number Answered

Percent of People with Each Score

Your Score History

You have not taken this quiz